000
00225nam a2200097Ia 4500
008
190216s9999||||xx |||||||||||||| ||und||
100
_a
V T Sukumaran Nair
245
0
_a
Premathinde Theerthadanam
260
_b
Null
942
_c
BK
999
_c
23561
_d
23561